[Event "Gibraltar Challengers B"]
[Site "Gibraltar"]
[Date "2019.01.29"]
[Round "4.11"]
[White "Kozarcanin, Sead"]
[Black "Osuna Vega, Enrique"]
[Result "1/2-1/2"]
[WhiteElo "2048"]
[BlackElo "2116"]
[PlyCount "124"]
[EventDate "2019.01.26"]
[EventType "swiss"]
[EventRounds "5"]
[EventCountry "GGB"]

1. b3 e5 2. Bb2 Nc6 3. e3 g6 4. c4 Bg7 5. g3 Nge7 6. Bg2 d5 7. cxd5 Nxd5 8. a3
O-O 9. Ne2 Be6 10. d4 Nb6 11. O-O exd4 12. Bxc6 bxc6 13. Bxd4 Bxd4 14. Nxd4 Bh3
15. Re1 c5 16. Nc2 Qf6 17. f3 Rad8 18. Qe2 Be6 19. Nd2 Qb2 20. Rec1 Nd5 21. Ne4
Qxb3 22. Nxc5 Nc3 23. Qe1 Qc4 24. Nd4 Qxc5 25. Qxc3 Qe5 26. Nxe6 Qxe6 27. Rd1
Rb8 28. Rd3 Rfd8 29. Rad1 Rxd3 30. Rxd3 c6 31. e4 h5 32. Rd1 Kh7 33. Rc1 Rd8
34. Qxc6 Rd1+ 35. Kf2 Qa2+ 36. Rc2 Qa1 37. Qc4 Qf6 38. e5 Qb6+ 39. Kg2 Rg1+ 40.
Kh3 Qb7 41. Qc6 Qb3 42. e6 Qd3 43. Qe4 Qxe4 44. fxe4 fxe6 45. Rc7+ Kh6 46. Rxa7
Re1 47. Kg2 Rxe4 48. h4 g5 49. hxg5+ Kxg5 50. Kf3 Rc4 51. Ra5+ Kg6 52. a4 h4
53. gxh4 Rxh4 54. Ra8 Kf5 55. Rf8+ Ke5 56. a5 Rh3+ 57. Kg2 Ra3 58. Ra8 Ke4 59.
a6 e5 60. a7 Ra2+ 61. Kg3 Ra3+ 62. Kg4 Ke3 1/2-1/2

[Event "Gibraltar Challengers B"]
[Site "Gibraltar"]
[Date "2019.01.29"]
[Round "4.12"]
[White "Weeramantry, Sunil"]
[Black "Verneuil, Pascal"]
[Result "1-0"]
[WhiteElo "2007"]
[BlackElo "2114"]
[PlyCount "73"]
[EventDate "2019.01.26"]
[EventType "swiss"]
[EventRounds "5"]
[EventCountry "GGB"]

1. e4 c5 2. Nc3 Nc6 3. f4 e6 4. Nf3 d5 5. Bb5 Nf6 6. d3 Be7 7. O-O O-O 8. Bxc6
bxc6 9. e5 Nd7 10. Qe1 c4 11. d4 Rb8 12. f5 Kh8 13. fxe6 fxe6 14. Qg3 c5 15.
Bg5 Rf5 16. h4 Ba6 17. Qg4 Nb6 18. Kh1 Rc8 19. dxc5 Rxc5 20. Nd4 Bxg5 21. Nxe6
Qg8 22. Nxc5 Bc8 23. Rxf5 Be7 24. e6 Bxc5 25. Re1 g6 26. Nxd5 Qe8 27. Qe4 Nxd5
28. Rxd5 Be7 29. Qe5+ Kg8 30. Rf1 Bf8 31. Re1 Qe7 32. Qg5 Kg7 33. Qxe7+ Bxe7
34. Rd7 Kf6 35. Rxa7 h5 36. Rf1+ Kxe6 37. Re1+ 1-0

[Event "Gibraltar Challengers B"]
[Site "Gibraltar"]
[Date "2019.01.29"]
[Round "4.15"]
[White "Alami, Halim"]
[Black "Abdulraheem, Abdulrahman Akintoy"]
[Result "0-1"]
[WhiteElo "2059"]
[BlackElo "2224"]
[PlyCount "131"]
[EventDate "2019.01.26"]
[EventType "swiss"]
[EventRounds "5"]
[EventCountry "GGB"]

1. e4 e5 2. Nf3 Nc6 3. Nc3 Bb4 4. a3 Be7 5. d4 exd4 6. Nxd4 Nf6 7. Nf5 O-O 8.
Be2 d5 9. Nxe7+ Nxe7 10. e5 Ne8 11. Bg5 c6 12. Bd3 Qc7 13. f4 f6 14. exf6 Nxf6
15. O-O Nf5 16. Bxf6 Rxf6 17. Qe1 Bd7 18. Qf2 b6 19. Rae1 Raf8 20. Ne2 c5 21.
c3 h6 22. Bc2 Bb5 23. Bb3 Bc6 24. Bc2 Kh8 25. Ng3 Nxg3 26. Qxg3 Bb5 27. Rf3 d4
28. a4 Ba6 29. Bg6 Bb7 30. Rf2 Bc6 31. Bc2 Qd6 32. Qd3 g6 33. Qg3 c4 34. cxd4
Qxd4 35. Qc3 Qxc3 36. bxc3 Kg7 37. Re7+ R8f7 38. Rxf7+ Kxf7 39. g3 Rd6 40. Re2
Bf3 41. Re3 Bd1 42. Be4 Bxa4 43. f5 g5 44. Bf3 Kf6 45. Bh5 Bd7 46. Be2 b5 47.
g4 a5 48. Kf2 a4 49. Rg3 Rd2 50. Rh3 Kg7 51. Ke1 Rd6 52. Rg3 Kf6 53. Kf2 Bc6
54. Ke3 Rd8 55. Rh3 Kg7 56. Rg3 Bb7 57. Rg1 Kf6 58. Rb1 Bc6 59. Rf1 Rd6 60. Rb1
Ke5 61. Rf1 Be8 62. h4 gxh4 63. Rh1 Bc6 64. Rxh4 a3 65. Bxc4 bxc4 66. f6 0-1

[Event "Gibraltar Challengers B"]
[Site "Gibraltar"]
[Date "2019.01.29"]
[Round "4.16"]
[White "Bryn, Askild"]
[Black "Maisuradze, Nino"]
[Result "0-1"]
[WhiteElo "2010"]
[BlackElo "2215"]
[PlyCount "130"]
[EventDate "2019.01.26"]
[EventType "swiss"]
[EventRounds "5"]
[EventCountry "GGB"]

1. e4 c5 2. Nc3 Nc6 3. f4 g6 4. Nf3 Bg7 5. Bb5 Nd4 6. O-O a6 7. Bd3 d6 8. Nxd4
cxd4 9. Ne2 Nf6 10. c3 dxc3 11. dxc3 O-O 12. h3 Qb6+ 13. Kh2 Bd7 14. Qb3 Qxb3
15. axb3 Bc6 16. Ng3 a5 17. Re1 Nd7 18. Be3 h5 19. Nf1 b5 20. Nd2 a4 21. b4
Rfc8 22. Nb1 Rab8 23. Na3 e5 24. f5 gxf5 25. exf5 d5 26. Be2 Nf6 27. g4 hxg4
28. hxg4 Ne4 29. Bf3 Nd6 30. Rad1 Ne4 31. Bxe4 dxe4 32. Rd2 Rd8 33. Red1 Rxd2+
34. Rxd2 Bf8 35. Bg5 e3 36. Bxe3 f6 37. Kg3 Be7 38. Nc2 Rc8 39. Bb6 Kf7 40. Rh2
Bd6 41. Be3 Be4 42. Ne1 a3 43. bxa3 Rxc3 44. Kf2 Rxa3 45. Rh7+ Kg8 46. Rh6 Bxb4
47. Rg6+ Kf7 48. g5 Bxe1+ 49. Ke2 fxg5 50. Bxg5 Bg3 51. Rf6+ Kg7 52. Rg6+ Kf7
53. Rf6+ Ke8 54. Re6+ Kd7 55. Re7+ Kd6 56. f6 Bf3+ 57. Kd2 Bf4+ 58. Bxf4 exf4
59. Re8 Bh5 60. Rb8 Rb3 61. Rb6+ Ke5 62. Kc2 Rb4 63. Kc3 Rc4+ 64. Kb3 Rc5 65.
Kb4 Rd5 0-1

[Event "Gibraltar Challengers B"]
[Site "Gibraltar"]
[Date "2019.01.29"]
[Round "4.17"]
[White "Cramling Bellon, Anna"]
[Black "Saber, Yasser"]
[Result "0-1"]
[WhiteElo "2025"]
[BlackElo "2201"]
[PlyCount "108"]
[EventDate "2019.01.26"]
[EventType "swiss"]
[EventRounds "5"]
[EventCountry "GGB"]

1. d4 d6 2. Nf3 g6 3. c4 f5 4. Nc3 Nf6 5. Qc2 Bg7 6. e4 fxe4 7. Nxe4 Nxe4 8.
Qxe4 Nc6 9. a3 O-O 10. Be2 Bf5 11. Qh4 e5 12. Bg5 Qe8 13. dxe5 dxe5 14. O-O e4
15. Nd2 Nd4 16. Bg4 h6 17. Be3 Rd8 18. Rad1 Qe6 19. Nb3 c5 20. Nxc5 Qc8 21.
Bxf5 Qxf5 22. Nb3 Ne2+ 23. Kh1 g5 24. Qh5 Rxd1 25. Rxd1 Nf4 26. Bxf4 Qxf4 27.
Rf1 e3 28. Qe2 exf2 29. Nc5 Qf7 30. Qe6 Qxe6 31. Nxe6 Re8 32. Rxf2 Rxe6 33. g3
g4 34. Rd2 b6 35. Kg2 Re4 36. Rc2 Bd4 37. b4 Re1 38. h3 Rg1+ 39. Kh2 gxh3 40.
Kxh3 Be5 41. Re2 Rxg3+ 42. Kh4 Rg5 43. c5 bxc5 44. bxc5 Kf7 45. c6 Ke6 46. Rd2
Bg3+ 47. Kh3 Bd6 48. Rc2 Rc5 49. Re2+ Be5 50. Kg4 Rxc6 51. Kh5 Kf5 52. Rf2+ Bf4
53. Rb2 Rc1 54. Rb5+ Be5 0-1

[Event "Gibraltar Challengers B"]
[Site "Gibraltar"]
[Date "2019.01.29"]
[Round "4.19"]
[White "Obiamiwe, Paul"]
[Black "Kandic, Milan"]
[Result "0-1"]
[WhiteElo "1903"]
[BlackElo "2136"]
[PlyCount "88"]
[EventDate "2019.01.26"]
[EventType "swiss"]
[EventRounds "5"]
[EventCountry "GGB"]

1. Nf3 d5 2. d4 Nf6 3. c4 e6 4. Nc3 Be7 5. Bg5 c6 6. e3 O-O 7. Be2 Nbd7 8. O-O
Ne4 9. Bxe7 Qxe7 10. Rc1 f5 11. Qc2 Ndf6 12. Ne5 Nd7 13. Nf3 g5 14. Nd2 Nxd2
15. Qxd2 Nf6 16. f3 Bd7 17. e4 f4 18. e5 Nh5 19. cxd5 exd5 20. Bd3 Ng7 21. Nd1
Bf5 22. Nf2 Rac8 23. b4 Bxd3 24. Nxd3 Nf5 25. Nc5 Ne3 26. Rf2 b6 27. Nd3 Qe6
28. Re2 Nc4 29. Qd1 Rf7 30. Qe1 Rfc7 31. Rc3 h6 32. Kh1 Rg7 33. Qf2 Rf8 34. Rc1
h5 35. g3 fxg3 36. Qxg3 Qf5 37. Ne1 g4 38. Rg2 Rff7 39. Qh4 gxf3 40. Rxg7+ Rxg7
41. Qf2 Qf4 42. Rc3 Nd2 43. Nxf3 Ne4 44. Qe3 Qxe3 0-1

[Event "Gibraltar Challengers B"]
[Site "Gibraltar"]
[Date "2019.01.29"]
[Round "4.20"]
[White "Sidali, Elias Hulleberg"]
[Black "Bottema, Martin"]
[Result "1/2-1/2"]
[WhiteElo "1783"]
[BlackElo "2104"]
[PlyCount "84"]
[EventDate "2019.01.26"]
[EventType "swiss"]
[EventRounds "5"]
[EventCountry "GGB"]

1. e4 e5 2. Nf3 Nc6 3. Nc3 Nf6 4. Be2 d5 5. exd5 Nxd5 6. O-O Nxc3 7. bxc3 Bd6
8. d4 exd4 9. cxd4 O-O 10. Rb1 Rb8 11. Bg5 f6 12. Be3 Ne7 13. c4 Nf5 14. c5
Nxe3 15. Qb3+ Kh8 16. fxe3 Be7 17. Bd3 g6 18. Rbd1 c6 19. e4 Bg4 20. Qc3 b6 21.
cxb6 axb6 22. Bc2 Qd6 23. e5 fxe5 24. dxe5 Qc5+ 25. Qxc5 Bxc5+ 26. Kh1 Be6 27.
Bb3 Bg4 28. h3 Bxf3 29. Rxf3 Rxf3 30. gxf3 Re8 31. e6 Kg7 32. Rc1 Rc8 33. a4
Be7 34. Bd5 c5 35. Kg2 Rd8 36. Bc4 Rd2+ 37. Kf1 Rd4 38. Ke2 Kf6 39. Kf2 Bd6 40.
Rc2 Be7 41. Ke2 Ke5 42. Kf2 Kf6 1/2-1/2

[Event "Gibraltar Challengers B"]
[Site "Gibraltar"]
[Date "2019.01.29"]
[Round "4.21"]
[White "Havik, Victor"]
[Black "Kukic, Boris"]
[Result "1-0"]
[WhiteElo "2088"]
[BlackElo "2035"]
[PlyCount "63"]
[EventDate "2019.01.26"]
[EventType "swiss"]
[EventRounds "5"]
[EventCountry "GGB"]

1. d4 d5 2. c4 e6 3. Nc3 Nf6 4. Nf3 Be7 5. e3 O-O 6. Bd3 c5 7. dxc5 Bxc5 8. O-O
b6 9. cxd5 exd5 10. h3 Bb7 11. a3 Nbd7 12. b4 Bd6 13. Nb5 Bb8 14. Bb2 a6 15.
Nbd4 Ne5 16. Nxe5 Bxe5 17. f4 Bd6 18. Nf5 Bc8 19. Nxd6 Qxd6 20. Rc1 Re8 21. Be5
Qd8 22. Bc7 Qe7 23. Bxb6 Ne4 24. f5 Nf6 25. Qf3 Rb8 26. Bd4 Bb7 27. Rc5 Rbc8
28. Rfc1 Ne4 29. Bxe4 dxe4 30. Qg3 f6 31. Rc7 Qf8 32. Kh2 1-0

[Event "Gibraltar Challengers B"]
[Site "Gibraltar"]
[Date "2019.01.29"]
[Round "4.22"]
[White "Hng, Mei-Xian Eunice"]
[Black "Schouten, Freek"]
[Result "1-0"]
[WhiteElo "1718"]
[BlackElo "2087"]
[PlyCount "79"]
[EventDate "2019.01.26"]
[EventType "swiss"]
[EventRounds "5"]
[EventCountry "GGB"]

1. e4 d6 2. d4 Nf6 3. Nc3 Nbd7 4. Nf3 e5 5. h3 Be7 6. Be2 c6 7. a4 Qc7 8. O-O
h6 9. Be3 g5 10. h4 Ng4 11. hxg5 Nxe3 12. fxe3 hxg5 13. Nh2 Nf6 14. Ng4 Bxg4
15. Bxg4 Nxg4 16. Qxg4 Qc8 17. Rf5 Qe6 18. Raf1 Rh7 19. b3 O-O-O 20. d5 Qd7 21.
Qe2 f6 22. a5 c5 23. Qc4 Kb8 24. a6 b6 25. Nb5 Rh4 26. Nc3 Rdh8 27. Kf2 Rh2 28.
Qb5 Qc8 29. Ne2 R8h4 30. Ng3 Rh7 31. Rg1 R2h4 32. Ke1 Rxe4 33. Nxe4 Qxf5 34.
Qe8+ Qc8 35. Qg6 Qh8 36. Ke2 Rh4 37. Rf1 Qh5+ 38. Qxh5 Rxh5 39. Nxg5 fxg5 40.
Rf2 1-0

[Event "Gibraltar Challengers B"]
[Site "Gibraltar"]
[Date "2019.01.29"]
[Round "4.24"]
[White "Ungureanu, Sandu"]
[Black "Adebajo, Olufemi"]
[Result "1-0"]
[WhiteElo "2057"]
[BlackElo "1915"]
[PlyCount "113"]
[EventDate "2019.01.26"]
[EventType "swiss"]
[EventRounds "5"]
[EventCountry "GGB"]

1. g3 d5 2. Bg2 c6 3. d3 e5 4. Nf3 Qc7 5. e4 Nf6 6. exd5 cxd5 7. O-O Bd6 8. Bg5
Nbd7 9. Nc3 a6 10. Nd2 d4 11. Nce4 Nxe4 12. Nxe4 O-O 13. c4 f5 14. Nxd6 Qxd6
15. Qf3 Nf6 16. Bxf6 Qxf6 17. Qd5+ Be6 18. Qxb7 Rab8 19. Qxa6 Rxb2 20. Rfb1
Rxb1+ 21. Rxb1 f4 22. gxf4 exf4 23. Qxe6+ Qxe6 24. Bd5 Qxd5 25. cxd5 Rd8 26.
Rb5 Kf7 27. Kg2 Ra8 28. Rb4 Rxa2 29. Rxd4 g5 30. h4 h6 31. Kf3 Kf6 32. d6 Ra8
33. hxg5+ hxg5 34. d7 Rd8 35. Ke4 Ke6 36. f3 Kf6 37. Rd5 Ke6 38. Rxg5 Rxd7 39.
Rg6+ Kf7 40. Rg4 Re7+ 41. Kxf4 Re1 42. Rg5 Kf6 43. Ra5 Ke6 44. d4 Rd1 45. d5+
Kd6 46. Kf5 Rh1 47. f4 Rh8 48. Kg6 Rg8+ 49. Kf7 Rg4 50. f5 Ke5 51. f6 Rb4 52.
Ra6 Kxd5 53. Kg6 Rg4+ 54. Kf5 Rg1 55. f7 Rf1+ 56. Kg6 Rg1+ 57. Kh7 1-0

[Event "Gibraltar Challengers B"]
[Site "Gibraltar"]
[Date "2019.01.29"]
[Round "4.25"]
[White "Kakulidis, Ellen"]
[Black "Pereira Lopez, Aketza"]
[Result "1-0"]
[WhiteElo "2021"]
[BlackElo "1861"]
[PlyCount "93"]
[EventDate "2019.01.26"]
[EventType "swiss"]
[EventRounds "5"]
[EventCountry "GGB"]

1. d4 g6 2. e4 Bg7 3. Ne2 d6 4. g3 Nd7 5. Bg2 Ngf6 6. Nbc3 O-O 7. h3 Rb8 8. a4
b6 9. O-O c5 10. Be3 cxd4 11. Bxd4 a6 12. f4 Nc5 13. g4 Bb7 14. Ng3 Ne6 15. Be3
Rc8 16. e5 Bxg2 17. exf6 Bxf1 18. fxg7 Kxg7 19. Kxf1 Nc5 20. Kg1 e6 21. Qe1 Qc7
22. Rd1 d5 23. Rd2 Qc6 24. Bd4+ Kg8 25. g5 Nd7 26. Nf1 f6 27. Nh2 e5 28. fxe5
fxe5 29. Bf2 d4 30. Ne4 Qxa4 31. c3 dxc3 32. Nxc3 Qc6 33. Ng4 Rce8 34. Ne4 Re7
35. Rxd7 Rxd7 36. Nef6+ Rxf6 37. Nxf6+ Kf7 38. Ng4 Qb5 39. Nxe5+ Ke7 40. Nxd7+
Kxd7 41. Qd2+ Kc6 42. Qc3+ Kb7 43. Qf3+ Kc7 44. Bg3+ Kc8 45. Qf8+ Kb7 46. Qe7+
Kc6 47. Qd6+ 1-0

[Event "Gibraltar Challengers B"]
[Site "Gibraltar"]
[Date "2019.01.29"]
[Round "4.26"]
[White "James, Kevin"]
[Black "Hassomal Daswani, Birjkumar"]
[Result "0-1"]
[WhiteElo "1948"]
[BlackElo "2008"]
[PlyCount "58"]
[EventDate "2019.01.26"]
[EventType "swiss"]
[EventRounds "5"]
[EventCountry "GGB"]

1. d4 g6 2. c4 Bg7 3. Nc3 c5 4. d5 Bxc3+ 5. bxc3 f5 6. Qc2 Nf6 7. f3 d6 8. e4
Qa5 9. Bd3 O-O 10. Ne2 fxe4 11. Bxe4 Nxe4 12. fxe4 Nd7 13. Bf4 Nb6 14. Qd3 Qa6
15. O-O Qxc4 16. Qc2 Bd7 17. Bh6 Ba4 18. Qd2 Rxf1+ 19. Rxf1 Qxe4 20. Ng3 Qxd5
21. Qf4 Nd7 22. Ne4 Bc6 23. Re1 Qxa2 24. Qh4 Nf6 25. Nd2 Qd5 26. Nf3 Re8 27.
Bg5 Ne4 28. c4 Qxc4 29. Bxe7 Qd5 0-1

[Event "Gibraltar Challengers B"]
[Site "Gibraltar"]
[Date "2019.01.29"]
[Round "4.27"]
[White "Skutta, Bernd"]
[Black "Teh, Wee Zhun"]
[Result "1-0"]
[WhiteElo "1988"]
[BlackElo "1818"]
[PlyCount "65"]
[EventDate "2019.01.26"]
[EventType "swiss"]
[EventRounds "5"]
[EventCountry "GGB"]

1. d4 d5 2. Bf4 c5 3. e3 Nc6 4. c3 Nf6 5. Nd2 Bf5 6. Ngf3 Qb6 7. Nh4 Bg4 8. Qb3
c4 9. Qc2 h6 10. h3 Bh5 11. g4 g5 12. Bh2 gxh4 13. gxh5 e6 14. e4 Nxe4 15. Nxe4
dxe4 16. Bxc4 O-O-O 17. O-O-O Na5 18. Be2 f5 19. b4 Nc6 20. Qb3 Ne7 21. Be5 Rg8
22. c4 Bg7 23. c5 Qc6 24. b5 Qd7 25. c6 bxc6 26. bxc6 Qxc6+ 27. Kb1 Qb7 28.
Rc1+ Nc6 29. Rxc6+ Qxc6 30. Rc1 Qxc1+ 31. Kxc1 Bxe5 32. Qxe6+ Kb7 33. Ba6+ 1-0

[Event "Gibraltar Challengers B"]
[Site "Gibraltar"]
[Date "2019.01.29"]
[Round "4.28"]
[White "Garcia Rodriguez, Inaki"]
[Black "Garcia Lopez, Juan Antonio"]
[Result "1-0"]
[WhiteElo "1931"]
[BlackElo "1964"]
[PlyCount "121"]
[EventDate "2019.01.26"]
[EventType "swiss"]
[EventRounds "5"]
[EventCountry "GGB"]

1. d4 Nf6 2. Bg5 Ne4 3. Bh4 d5 4. f3 Nd6 5. Nd2 Bf5 6. c4 c6 7. e3 Qd7 8. c5
Nc8 9. Bg3 e6 10. Ne2 Bd3 11. Nf4 Bxf1 12. Rxf1 Be7 13. Nd3 f6 14. Kf2 O-O 15.
Kg1 a5 16. a3 Na6 17. Qc2 Bd8 18. b4 axb4 19. axb4 Na7 20. Nb1 Bc7 21. Bf2 Nb5
22. Nc3 e5 23. Nxb5 cxb5 24. Qb3 Kh8 25. dxe5 fxe5 26. Bg3 e4 27. Bxc7 Nxc7 28.
Rxa8 Rxa8 29. fxe4 dxe4 30. Ne5 Qd5 31. Qc3 Kg8 32. c6 bxc6 33. Nxc6 Re8 34.
Nd4 Ne6 35. Nf5 h6 36. h3 Kh7 37. Ng3 Re7 38. Rf5 Rc7 39. Qe5 Rc1+ 40. Kh2 Qxe5
41. Rxe5 Nc7 42. Rxe4 Rc4 43. Rxc4 bxc4 44. e4 Nb5 45. Ne2 Kg6 46. Kg3 Kf6 47.
Kf4 g5+ 48. Ke3 Ke5 49. g4 c3 50. Kd3 c2 51. Kxc2 Nd6 52. Nc3 Kf4 53. Kd3 Kg3
54. e5 Nc8 55. Ke4 Kxh3 56. Kf5 Ne7+ 57. Kf6 Kxg4 58. Kxe7 h5 59. Kf6 h4 60.
Ne4 Kf4 61. Nxg5 1-0

[Event "Gibraltar Challengers B"]
[Site "Gibraltar"]
[Date "2019.01.29"]
[Round "4.29"]
[White "Erdogan, Hassan"]
[Black "Cano Sevilla, Ivan"]
[Result "0-1"]
[WhiteElo "1833"]
[BlackElo "1950"]
[PlyCount "72"]
[EventDate "2019.01.26"]
[EventType "swiss"]
[EventRounds "5"]
[EventCountry "GGB"]

1. d4 Nf6 2. Bf4 d5 3. e3 c5 4. c3 Nc6 5. Nf3 Qb6 6. Qb3 c4 7. Qxb6 axb6 8. Na3
Na7 9. h3 e5 10. dxe5 Bxa3 11. bxa3 Ne4 12. g4 Nb5 13. Nd4 Nexc3 14. Nxb5 Nxb5
15. Bg2 Nc3 16. e6 Bxe6 17. Be5 Rxa3 18. Bxg7 Rg8 19. Bd4 b5 20. Bf6 Kd7 21. f4
Ne4 22. Bxe4 dxe4 23. O-O-O+ Kc6 24. f5 Bd5 25. Rd4 Rxe3 26. g5 Ra8 27. Rhd1
Rd3 28. R1xd3 cxd3 29. h4 Rxa2 30. Be5 Kc5 31. h5 Rg2 32. Bf6 Rf2 33. g6 fxg6
34. fxg6 Rxf6 35. Rxd5+ Kxd5 36. g7 Rf1+ 0-1

[Event "Gibraltar Challengers B"]
[Site "Gibraltar"]
[Date "2019.01.29"]
[Round "4.30"]
[White "Gillis Onieva, Celia"]
[Black "Herzwurm, Robert"]
[Result "1/2-1/2"]
[WhiteElo "1930"]
[BlackElo "2021"]
[PlyCount "40"]
[EventDate "2019.01.26"]
[EventType "swiss"]
[EventRounds "5"]
[EventCountry "GGB"]

1. d4 Nf6 2. Nf3 g6 3. c4 Bg7 4. Nc3 O-O 5. e4 d6 6. Be2 e5 7. dxe5 dxe5 8.
Qxd8 Rxd8 9. Bg5 Re8 10. Nd5 Nxd5 11. cxd5 c6 12. Bc4 cxd5 13. Bxd5 Nc6 14.
O-O-O Be6 15. Bxe6 Rxe6 16. Rd7 Rb8 17. Kb1 Kf8 18. Rhd1 Ke8 19. Rc7 Bf8 20.
Rcd7 f6 1/2-1/2

[Event "Gibraltar Challengers B"]
[Site "Gibraltar"]
[Date "2019.01.29"]
[Round "4.33"]
[White "Nandi, Robin J"]
[Black "Vinal Gutierrez, Pedro"]
[Result "1-0"]
[WhiteElo "1903"]
[BlackElo "1997"]
[PlyCount "67"]
[EventDate "2019.01.26"]
[EventType "swiss"]
[EventRounds "5"]
[EventCountry "GGB"]

1. d4 e6 2. c4 d5 3. Nf3 c6 4. g3 dxc4 5. Bg2 b5 6. Ne5 Bb7 7. a4 Qc8 8. O-O
Nf6 9. e4 Be7 10. Nc3 a6 11. d5 b4 12. d6 Bd8 13. Nb1 c5 14. Re1 Nbd7 15. Nxc4
O-O 16. a5 e5 17. Nbd2 Re8 18. b3 Nb8 19. Bb2 Nc6 20. Nf3 Nd7 21. Bh3 f6 22.
Qd5+ Kf8 23. Bxd7 Qxd7 24. Qxc5 Rc8 25. Qe3 Nb8 26. Red1 Bc6 27. Nh4 Qb7 28. d7
Nxd7 29. Nd6 Qa8 30. Nxc8 Qxc8 31. Nf5 Re6 32. Qd2 Qb8 33. Rac1 Bb5 34. Qxb4+
1-0

[Event "Gibraltar Challengers B"]
[Site "Gibraltar"]
[Date "2019.01.30"]
[Round "5.2"]
[White "Orndahl, Markus"]
[Black "Pinho, Paulo"]
[Result "1-0"]
[WhiteElo "2173"]
[BlackElo "2205"]
[PlyCount "73"]
[EventDate "2019.01.26"]
[EventType "swiss"]
[EventRounds "5"]
[EventCountry "GGB"]

1. e4 c5 2. Nf3 e6 3. d3 d5 4. Qe2 Be7 5. g3 Nc6 6. Bg2 h5 7. h3 Nf6 8. e5 Ng8
9. O-O Nh6 10. Bxh6 Rxh6 11. c4 b6 12. Nc3 Bb7 13. Rad1 d4 14. Ne4 Qc7 15. Ned2
O-O-O 16. h4 Rg8 17. Rde1 g5 18. hxg5 Bxg5 19. Nxg5 Rxg5 20. Ne4 Rxe5 21. f4
Rf5 22. Bh3 Ne7 23. Qf2 Rg6 24. Kh2 Qd8 25. a3 Kb8 26. b4 cxb4 27. axb4 Rg4 28.
Qe2 Qg8 29. b5 Rg6 30. Ra1 Bxe4 31. Qxe4 Rxg3 32. Rg1 Rxh3+ 33. Kxh3 Qd8 34.
Rxa7 Nd5 35. cxd5 Kxa7 36. Ra1+ Kb8 37. dxe6 1-0

[Event "Gibraltar Challengers B"]
[Site "Gibraltar"]
[Date "2019.01.30"]
[Round "5.3"]
[White "Diaz Mino, Pablo"]
[Black "Haase, Pavel"]
[Result "1/2-1/2"]
[WhiteElo "2085"]
[BlackElo "2141"]
[PlyCount "149"]
[EventDate "2019.01.26"]
[EventType "swiss"]
[EventRounds "5"]
[EventCountry "GGB"]

1. d4 f5 2. g3 Nf6 3. Bg2 e6 4. Nf3 Be7 5. O-O O-O 6. c4 Ne4 7. Qc2 Bf6 8. Nc3
Nxc3 9. Qxc3 d6 10. Rd1 Nd7 11. Qc2 g6 12. Bh6 Re8 13. e4 fxe4 14. Qxe4 e5 15.
Qd5+ Kh8 16. c5 exd4 17. Re1 Ne5 18. cxd6 Be6 19. Qxb7 Qxd6 20. Nxe5 Bxe5 21.
Rxe5 Qxe5 22. Bf4 Qg7 23. Rc1 Rac8 24. Qxa7 g5 25. Bd2 c5 26. Qa5 Qc7 27. Qa3
Qe7 28. Re1 Qf6 29. Bb7 Rc7 30. Bd5 Rf7 31. f4 Qf5 32. Qxc5 Qxd5 33. Qxd5 Bxd5
34. Rxe8+ Kg7 35. Rd8 Bxa2 36. Rxd4 gxf4 37. Bxf4 Bb3 38. Rb4 Bd5 39. Rb6 Ra7
40. h4 Bf3 41. Kf2 Bg4 42. Ke3 Rd7 43. Be5+ Kf7 44. Kf4 h5 45. Rf6+ Ke7 46. Rg6
Rd5 47. Rg5 Ke6 48. Bc3 Rd8 49. Rg6+ Kd5 50. Rf6 Re8 51. Ra6 Re4+ 52. Kg5 Re3
53. Ra5+ Kc6 54. Be5 Rb3 55. Ra3 Rb5 56. Kf6 Kd5 57. Rd3+ Ke4 58. Rd4+ Kf3 59.
Rf4+ Ke3 60. Bd4+ Kd3 61. Bc3 Rb6+ 62. Kg5 Rb5+ 63. Kg6 Rb6+ 64. Rf6 Rb5 65.
Rd6+ Ke3 66. Bd2+ Kf3 67. Bf4 Rxb2 68. Rd3+ Kg2 69. Rd5 Rb6+ 70. Kg5 Kh3 71.
Rc5 Ra6 72. Re5 Rc6 73. Ra5 Rb6 74. Ra7 Rc6 75. Ra5 1/2-1/2

[Event "Gibraltar Challengers B"]
[Site "Gibraltar"]
[Date "2019.01.30"]
[Round "5.4"]
[White "Rodriguez Perez, Angel Mariano"]
[Black "Weeramantry, Sunil"]
[Result "1/2-1/2"]
[WhiteElo "2204"]
[BlackElo "2007"]
[PlyCount "78"]
[EventDate "2019.01.26"]
[EventType "swiss"]
[EventRounds "5"]
[EventCountry "GGB"]

1. e4 d6 2. d4 g6 3. c4 Nf6 4. Nc3 Bg7 5. f3 O-O 6. Be3 Nc6 7. Qd2 Re8 8. O-O-O
e5 9. d5 Nd4 10. Nge2 c5 11. dxc6 bxc6 12. Nxd4 exd4 13. Bxd4 Be6 14. Kb1 Rb8
15. Na4 c5 16. Bc3 Bd7 17. Qc2 Qc8 18. Ka1 Qa6 19. b3 Bxa4 20. bxa4 Rb4 21. e5
Nd7 22. Bxb4 cxb4 23. Kb1 Qa5 24. c5 Nxc5 25. Bb5 Rxe5 26. Rxd6 a6 27. f4 b3
28. axb3 Re3 29. Qxc5 Rxb3+ 30. Ka2 Rb2+ 31. Ka3 Rxb5 32. Qc4 Bf8 33. Rhd1 Rc5
34. Qd4 Bxd6 35. Qxd6 Qc3+ 36. Ka2 Qc4+ 37. Ka3 Qc3+ 38. Ka2 Qc2+ 39. Ka3 Qc3+
1/2-1/2

[Event "Gibraltar Challengers B"]
[Site "Gibraltar"]
[Date "2019.01.30"]
[Round "5.5"]
[White "Alarcon Olmos, Daniel"]
[Black "Ramasindraibe, Girard"]
[Result "0-1"]
[WhiteElo "2124"]
[BlackElo "2129"]
[PlyCount "58"]
[EventDate "2019.01.26"]
[EventType "swiss"]
[EventRounds "5"]
[EventCountry "GGB"]

1. e4 e5 2. Nf3 Nc6 3. Bb5 a6 4. Ba4 Nf6 5. d3 d6 6. c3 g6 7. O-O Bg7 8. Re1
O-O 9. h3 b5 10. Bb3 Na5 11. Bc2 c5 12. d4 Qc7 13. d5 Nh5 14. Nbd2 Bh6 15. b4
cxb4 16. cxb4 Nc4 17. Nxc4 Bxc1 18. Rxc1 Qxc4 19. a3 Qc7 20. Kh2 Bd7 21. Qd2
Qb6 22. g3 a5 23. Kg2 axb4 24. Qxb4 Bxh3+ 25. Kxh3 Qxf2 26. Rg1 Qxf3 27. Bd1
Nf4+ 28. Kh4 Qf2 29. Rh1 Nd3 0-1

[Event "Gibraltar Challengers B"]
[Site "Gibraltar"]
[Date "2019.01.30"]
[Round "5.8"]
[White "Villar Reymundo, Juan Antonio"]
[Black "Havik, Victor"]
[Result "1/2-1/2"]
[WhiteElo "2237"]
[BlackElo "2088"]
[PlyCount "120"]
[EventDate "2019.01.26"]
[EventType "swiss"]
[EventRounds "5"]
[EventCountry "GGB"]

1. d4 Nf6 2. c4 e6 3. g3 d5 4. Nf3 Be7 5. Bg2 O-O 6. O-O dxc4 7. Qc2 a6 8. Bg5
Nbd7 9. Rd1 h6 10. Bxf6 Bxf6 11. Qxc4 c5 12. Qc2 Qb6 13. e3 e5 14. Nc3 cxd4 15.
Nd5 Qa5 16. exd4 Qxd5 17. dxe5 Qa5 18. exf6 Nxf6 19. Nd4 Bg4 20. Rd3 Rac8 21.
Qd2 Qxd2 22. Rxd2 Rc7 23. h3 Bc8 24. Ne2 b6 25. Rad1 Bb7 26. Nc3 Bxg2 27. Kxg2
Rc6 28. a3 g6 29. Na2 a5 30. Nc3 Kg7 31. Rd8 Ne8 32. Kf1 Nf6 33. R1d6 Rxd8 34.
Rxc6 Rb8 35. a4 Nd7 36. Nd5 b5 37. b3 bxa4 38. bxa4 Rb1+ 39. Ke2 Ra1 40. Nc3
Rc1 41. Kd2 Rf1 42. Nd1 g5 43. Ra6 Nc5 44. Ra7 Nxa4 45. Rxa5 Nb6 46. Rc5 Rh1
47. Ke2 Rxh3 48. Ne3 Nd7 49. Ra5 Rh1 50. Nf1 g4 51. Ne3 h5 52. Ng2 Nf6 53. Rg5+
Kh6 54. Rf5 Kg6 55. Re5 Kg7 56. Rg5+ Kh6 57. Rf5 Kg6 58. Re5 Kg7 59. Rg5+ Kh6
60. Rf5 Kg6 1/2-1/2

[Event "Gibraltar Challengers B"]
[Site "Gibraltar"]
[Date "2019.01.30"]
[Round "5.10"]
[White "Abdulraheem, Abdulrahman Akintoy"]
[Black "Kozarcanin, Sead"]
[Result "1-0"]
[WhiteElo "2224"]
[BlackElo "2048"]
[PlyCount "113"]
[EventDate "2019.01.26"]
[EventType "swiss"]
[EventRounds "5"]
[EventCountry "GGB"]

1. Nf3 d5 2. c4 e6 3. g3 Nf6 4. Bg2 Be7 5. O-O O-O 6. b3 a5 7. Nc3 Na6 8. Bb2
Nc5 9. Qb1 Nce4 10. d3 Nxc3 11. Bxc3 c5 12. e3 b6 13. Qb2 Bb7 14. Rfd1 Qc8 15.
Rac1 Rd8 16. a4 Ne8 17. cxd5 exd5 18. d4 Qe6 19. Ne5 Rac8 20. dxc5 Bxc5 21. Nd3
Bd6 22. Nf4 Bxf4 23. exf4 Qg6 24. Bd4 Rc6 25. Rxc6 Qxc6 26. Rc1 Qd6 27. Bf1 f6
28. Qe2 Nc7 29. f5 Ba6 30. Qc2 Bxf1 31. Kxf1 Na6 32. Qc6 Nb4 33. Qxd6 Rxd6 34.
Rc8+ Kf7 35. Rc7+ Kg8 36. Ke2 g6 37. fxg6 hxg6 38. Kd2 Na6 39. Ra7 Nc5 40. Bxc5
bxc5 41. Rxa5 Rc6 42. Ra7 c4 43. b4 d4 44. Rd7 c3+ 45. Kc1 Rc4 46. a5 Rxb4 47.
a6 d3 48. Rxd3 Ra4 49. Rd6 Kf7 50. Kc2 Ra2+ 51. Kxc3 Rxf2 52. Kb3 Rf1 53. Rd2
Rb1+ 54. Rb2 Ra1 55. Ra2 Rb1+ 56. Kc4 Rb8 57. a7 1-0